[Event "Niedersachsen-ch Seniors 39th"]
[Site "Wingst"]
[Date "2005.03.09"]
[Round "7"]
[White "Gelzenleichter, Siegfried"]
[Black "Jentsch, Karl"]
[Result "1-0"]
[WhiteElo "2188"]
[BlackElo "1957"]
[PlyCount "81"]
[EventDate "2005.03.03"]
[EventType "swiss"]
[EventRounds "9"]
[EventCountry "GER"]
[SourceTitle "EXT 2006"]
[Source "ChessBase"]
[SourceDate "2005.11.24"]
[SourceVersion "1"]
[SourceVersionDate "2005.11.24"]
[SourceQuality "1"]

1. d4 e6 2. Nf3 f5 3. c4 Nf6 4. Bg5 Be7 5. Nc3 d5 6. e3 c6 7. Bd3 0-0 8. 0-0 Nbd7 9. cxd5 Nxd5 10. Bxe7 Qxe7 11. Qb3 Kh8 12. e4 Nxc3 13. Qxc3 fxe4 14. Bxe4 Nf6 15. Bc2 Nd5 16. Qd3 g6 17. Ne5 Qf6 18. a3 Qf5 19. Qd1 Qg5 20. Be4 Kg7 21. Qc2 Nf6 22. f4 Qh5 23. Bxc6 Ng4 24. h3 Ne3 25. Qc5 Nxf1 26. Qe7+ Kg8 27. Be8 Qf5 28. Rxf1 Qf6 29. Qxf6 Rxf6 30. g3 Rf8 31. Ba4 Rd8 32. Rc1 Rxd4 33. Bb3 Rd6 34. Rc7 Rb6 35. Ba4 Rxb2 36. Ng4 b5 37. Nf6+ Kf8 38. Bc2 Bb7 39. Nxh7+ Kg8 40. Nf6+ Kf8 41. Bxg6 1-0

[Event "Niedersachsen-ch Seniors 39th"]
[Site "Wingst"]
[Date "2005.03.06"]
[Round "4"]
[White "Jentsch, Karl"]
[Black "Juergens, Peter1111"]
[Result "1/2-1/2"]
[WhiteElo "1957"]
[BlackElo "2105"]
[PlyCount "39"]
[EventDate "2005.03.03"]
[EventType "swiss"]
[EventRounds "9"]
[EventCountry "GER"]
[SourceTitle "EXT 2006"]
[Source "ChessBase"]
[SourceDate "2005.11.24"]
[SourceVersion "1"]
[SourceVersionDate "2005.11.24"]
[SourceQuality "1"]

1. e4 e6 2. d4 d5 3. exd5 exd5 4. Bd3 Nc6 5. c3 Bd6 6. Ne2 Nge7 7. Bf4 Bf5 8. Bxd6 Qxd6 9. 0-0 0-0 10. Ng3 Bxd3 11. Qxd3 Rae8 12. Nd2 Nd8 13. Rfe1 Ng6 14. Nf3 f6 15. Qf5 Nf7 16. Rxe8 Rxe8 17. Re1 Rxe1+ 18. Nxe1 Ne7 19. Qg4 Nh6 20. Qe2 1/2-1/2

[Event "Niedersachsen-ch Seniors 36th"]
[Site "Wingst"]
[Date "2002.03.??"]
[Round "5"]
[White "Jentsch, Karl"]
[Black "Niebuhr, Gerd"]
[Result "1/2-1/2"]
[WhiteElo "1819"]
[BlackElo "1949"]
[PlyCount "23"]
[EventDate "2002.03.??"]
[EventType "swiss"]
[EventRounds "9"]
[EventCountry "GER"]
[SourceTitle "EXT 2006"]
[Source "ChessBase"]
[SourceDate "2005.11.24"]
[SourceVersion "1"]
[SourceVersionDate "2005.11.24"]
[SourceQuality "1"]

1. e4 e5 2. Nf3 Nc6 3. Bc4 Nf6 4. 0-0 Bc5 5. d3 d6 6. h3 Na5 7. Bb3 Nxb3 8. axb3 0-0 9. Nc3 a6 10. Bg5 h6 11. Bh4 c6 12. Qd2 1/2-1/2